1304 1201 1688 1919 1147 1220 1632 1202 1534 1193 1135 1811 1697 1470 1230 1866 1896 1052 1929 1401 1685 1396 1241 1273 1063 1627 1192 1602 1244 1262 1000 1008 1194 1480 1032 1197 1502 1033 1191 1518 1773 1454 1583 1854 1128 1301 1242 1026 1371 1559 1387 1120 1350 1633 1459 1797 1295 1195 1308 1705 1164 1566 1316 1843 1099 1090 1157 1376 1364 1048 1158 1054 1097 1331 1299 1842 1042 1870 1000 1046 1113 1586 1347 1779 1971 1535 1673 1582 1840 1175 1950 1603 1425 1351 1184 1525 1534 1570 1073 BCNSPRNW ULIB Ver.6.0+V

เปลี่ยนเป็นภาษาไทย

Change to English
 แสดงรายละเอียดบรรณานุกรม
  กลับหน้าหลัก

Brief Record : Get Marc (ISO 2709) : E-mail record : QR code < ปิดหน้าต่าง
LEADER : 00000nam 2200000uu 4500
001    13399121548
003     ULIB
008    020711s2550 th a 000 0 tha d
020    9789747446593
099    นว.ม751อ
100    W.maple
245    อาทิตย์แรกแห่งพันต์
250    พิมพ์ครั้งที่ 2
260    กรุงเทพฯ :^bแจ่มใส,^c2550
945    ^p189^l0^i022521
995    เกษร
999    ^aทศพร
รายการนี้ยังไม่มีแท็ก
คุณยังไม่ได้ล็อกอิน คุณสามารถมีกิจกรรมร่วมกับเว็บไซต์ได้ แต่ต้องล็อกอินก่อน ::
  ล็อกอิน

รายการสื่อสารสนเทศ

ลำดับที่ ประเภท เลขเรียก/บาร์โค้ด สถานที่ สถานะ
1. วิทยาศาสตร์การแพทย์ และสุขภาพ
วิทยาศาสตร์การแพทย์ และสุขภาพ
นว.ม751อ  
  Barcode: 022521
ห้องสมุดวิทยาเขตสวรรค์ประชารักษ์
►หนังสือทั่วไป
บนชั้น

รายการใกล้เคียง
    ชื่อเรื่อง [อาทิตย์แรกแห่งพันต์]

BibComment


ยังไม่เคยถูกคอมเมนท์

คอมเมนท์ทรัพยากรรายการนี้
  คอมเมนท์: อาทิตย์แรกแห่งพันต์


 Copyright 2026. Bcnsprnw @Library